000 00728nam a2200277Ia 4500
008 181129s9999 xx 000 0 und d
020 _a9780590162432
050 _bR658 1972
100 _aRobinson, Barbara
245 4 _aThe worst best Christmas pageant ever! /
245 0 _cby Barbara Robinson.
260 _aNew York, NY :
260 _bScholastic,
260 _c1972
300 _a108 pages :
300 _billustrations ;
300 _c19cm.
650 _aBrothers and sisters --
650 _aChristmas pageants.
650 _aChristmas stories --
650 _aHuman behavior.
650 _aProblem children.
650 _xChildren's plays, American.
650 _xFamilies.
700 _aTitle.
999 _c360292
_d360292